Sorby, Karol: Suez 1956. Twilight of the traditional colonialism in the Middle East

Bibliographic Details
Main Author: Wanner, Jan, 1940- (Author)
Format: Article
Language:Slovak
English
ISSN:1335-1257
Subjects:

MARC

LEADER 00000nab a2200000 a 4500
001 vtls009335907
003 SK-MaSNL
005 20260304164547.0
008 250507c2006 xo ||||||o| ||00 a|slo
015 |a SNBRB2008/09  |2 snkbucl 
035 |a (sysno)vtls009335907 
035 |a urn:nbn:sk:snk-ab72so 
035 |a (uuid)5b06330f-e5f5-4891-9094-8c563d0b933c 
035 |a (urnnbn)urn:nbn:sk:snk:ar-a06qvp 
038 |a SNKBUCL 
040 |a SNKBUCL  |b slo  |c SNKBUCL  |e AACR2 
041 0 |a eng 
044 |a xo  |c SK 
080 |a 94(620)  |x "195"  |x (048)  |2 1997 
080 |a 94(267.339)  |x "195"  |x (048)  |2 1997 
080 |a 94(267.335)  |x "195"  |x (048)  |2 1997 
080 |a 94(5-15)  |x "195"  |x (048)  |2 1997 
080 |a 355.48  |x (620)  |x "195"  |x (048)  |2 1997 
100 1 |a Wanner, Jan,  |d 1940-  |4 aut  |9 472230 
245 1 0 |a Sorby, Karol: Suez 1956. Twilight of the traditional colonialism in the Middle East  |c Jasn Wanner 
610 2 7 |a Bagdadský pakt  |y 1955  |2 snkbucl  |9 17471 
648 7 |a 20. stor., 50. r.  |2 snkbucl  |9 360404 
650 0 7 |a suezská kríza, 1956  |2 snkbucl  |9 94094 
650 0 7 |a vojna v Suezskom prieplave, 1955-1956  |2 snkbucl  |9 1428269 
650 0 7 |a kolonializmus  |2 snkbucl  |9 4772 
650 0 7 |a monografie  |2 snkbucl  |9 256509 
651 7 |a Egypt  |2 snkbucl  |9 16952 
651 7 |a Blízky východ  |2 snkbucl  |9 60147 
655 7 |a recenzie  |2 snkbucl  |9 21907 
773 0 |t Asian and African studies  |g Vol. 15, no. 2 (2006), p. 216-218  |x 1335-1257 
787 0 8 |i Rec.:  |a Sorby, Karol R., 1939-  |t Suez 1956 : twilight of the traditional colonialism in the Middle East  |d Bratislava : Veda, 2003 
850 |a Slovenská národná knižnica 
852 |a Slovenská národná knižnica 
958 |a article27 
958 |a RC 
958 |a EG 
958 |a OND 
958 |a EUIPO 
999 |c 2980906  |d 2982836